Consumption inequality and poverty in INDIA (Record no. 533250)

000 -LEADER
fixed length control field 00949nam a22001337a 4500
008 - FIXED-LENGTH DATA ELEMENTS--GENERAL INFORMATION
fixed length control field 260505b ||||| |||| 00| 0 eng d
100 ## - MAIN ENTRY--PERSONAL NAME
Personal name Agrawal, Ritika Bansal, Rohan Kumar, Sunil and Shukla, Avdhesh
245 ## - TITLE STATEMENT
Title Consumption inequality and poverty in INDIA
260 ## - PUBLICATION, DISTRIBUTION, ETC. (IMPRINT)
Place of publication, distribution, etc Economic & Political Weekly
300 ## - PHYSICAL DESCRIPTION
Extent 61(16), Apr 18, 2026: p.17-20
520 ## - SUMMARY, ETC.
Summary, etc Trends in consumption inequality and poverty in India are examined using data from the Household Consumption Expenditure Surveys for 2011–12, 2022–23, and 2023–24. The analysis reveals a decline in overall consumption inequality across both rural and urban areas, which also coincides with periods of high real GDP growth. However, the decline in inequality is uneven across food and non-food groups. –Reproduced

https://www.epw.in/journal/2026/16/commentary/consumption-inequality-and-poverty-india.html
773 ## - HOST ITEM ENTRY
Main entry heading Economic & Political Weekly
942 ## - ADDED ENTRY ELEMENTS (KOHA)
Item type Articles
Holdings
Withdrawn status Lost status Source of classification or shelving scheme Damaged status Not for loan Permanent location Current location Date acquired Serial Enumeration / chronology Barcode Date last seen Koha item type
          Indian Institute of Public Administration Indian Institute of Public Administration 2026-05-05 61(16), Apr 18, 2026: p.17-20 AR138762 2026-05-05 Articles

Powered by Koha